| 000 | 01439nam a2200349 a 4500 | ||
|---|---|---|---|
| 001 | ebr10588526 | ||
| 003 | CaPaEBR | ||
| 006 | m u | ||
| 007 | cr cn||||||||| | ||
| 008 | 970227s1997 nyu sb 001 0 eng d | ||
| 010 | _z 97008060 | ||
| 020 | _z311015269X | ||
| 020 | _z9783110152692 | ||
| 020 | _z9783110809374 (e-book) | ||
| 040 |
_aCaPaEBR _cCaPaEBR |
||
| 035 | _a(OCoLC)811375166 | ||
| 050 | 1 | 4 |
_aQA316 _b.C485 1997eb |
| 082 | 0 | 4 |
_a515/.64 _221 |
| 100 | 1 |
_aChabrowski, Jan, _d1941- |
|
| 245 | 1 | 0 |
_aVariational methods for potential operator equations _h[electronic resource] : _bwith applications to nonlinear elliptic equations / _cJan Chabrowski. |
| 260 |
_aNew York : _bWalter de Gruyter, _c1997. |
||
| 300 | _aix, 290 p. | ||
| 440 | 0 |
_aDe Gruyter studies in mathematics ; _v24 |
|
| 504 | _aIncludes bibliographical references (p. 270-286) and index. | ||
| 533 |
_aElectronic reproduction. _bPalo Alto, Calif. : _cebrary, _d2011. _nAvailable via World Wide Web. _nAccess may be limited to ebrary affiliated libraries. |
||
| 650 | 0 | _aCalculus of variations. | |
| 650 | 0 |
_aDifferential equations, Elliptic _xNumerical solutions. |
|
| 650 | 0 |
_aDifferential equations, Nonlinear _xNumerical solutions. |
|
| 655 | 7 |
_aElectronic books. _2local |
|
| 710 | 2 | _aebrary, Inc. | |
| 856 | 4 | 0 |
_uhttp://site.ebrary.com/lib/rucke/Doc?id=10588526 _zAn electronic book accessible through the World Wide Web; click to view |
| 999 |
_c104101 _d104101 |
||